[Event "BCF-chT4S 1920 (4NCL)"]
[Site "England"]
[Date "2019.11.09"]
[Round "1.135"]
[White "Shek, Daniel"]
[Black "Lazarevic, Ljubica"]
[Result "0-1"]
[WhiteElo "1534"]
[BlackElo "1416"]
[PlyCount "116"]
[EventDate "2019.11.09"]
[EventType "team-swiss"]
[EventRounds "11"]
[EventCountry "ENG"]
[SourceTitle "EXT 2022"]
[Source "ChessBase"]
[SourceDate "2021.10.06"]
[SourceVersion "1"]
[SourceVersionDate "2021.10.06"]
[SourceQuality "1"]
[WhiteTeam "Celtic Tigers III"]
[BlackTeam "Wood Green Youth"]
[WhiteTeamCountry "ENG"]
[BlackTeamCountry "ENG"]

1. d4 d5 2. c4 c6 3. Nc3 e6 4. Nf3 Nf6 5. g3 Bd6 6. Bg2 Nbd7 7. 0-0 dxc4 8. e4 e5 9. dxe5 Nxe5 10. Nxe5 Bxe5 11. Qxd8+ Kxd8 12. Rd1+ Ke7 13. f4 Bc7 14. Be3 Bb6 15. Bxb6 axb6 16. e5 Ng4 17. Ne4 Ne3 18. Rd2 Nxg2 19. Kxg2 Be6 20. Nc3 Rhd8 21. Rad1 Rxd2+ 22. Rxd2 Bd5+ 23. Nxd5+ cxd5 24. a3 Ke6 25. Kf3 b5 26. Ke3 f6 27. exf6 gxf6 28. Kd4 Rd8 29. g4 Kd6 30. Re2 h5 31. f5 hxg4 32. Re6+ Kc7 33. Rxf6 Rh8 34. Rg6 Rxh2 35. Rxg4 Rd2+ 36. Kc3 Rf2 37. Rg5 Rf4 38. Kb4 d4 39. Kxb5 d3 40. f6 Kd6 41. f7 Ke7 42. Rd5 Kxf7 43. Kb4 Ke6 44. Rd8 Ke5 45. Kc3 b5 46. Re8+ Kd6 47. Rd8+ Kc7 48. Rd5 Kc6 49. Rd8 Rf5 50. Rd4 Rd5 51. Rxd5 Kxd5 52. Kd2 Kd4 53. Kd1 Ke3 54. Ke1 d2+ 55. Kd1 Kd3 56. a4 bxa4 57. b4 c3 58. b5 c2# 0-1

[Event "London Chess Classic op 10th"]
[Site "London"]
[Date "2018.12.09"]
[Round "1"]
[White "Shek, Daniel"]
[Black "Baroukh, Leon"]
[Result "1-0"]
[WhiteElo "1358"]
[BlackElo "1634"]
[PlyCount "111"]
[EventDate "2018.12.09"]
[EventType "swiss"]
[EventRounds "5"]
[EventCountry "ENG"]
[SourceTitle "EXT 2021"]
[Source "ChessBase"]
[SourceDate "2020.10.23"]
[SourceVersion "1"]
[SourceVersionDate "2020.10.23"]
[SourceQuality "1"]

1. d4 d5 2. c4 e6 3. Nf3 Nf6 4. g3 b6 5. Bg2 Bb7 6. Ne5 Nbd7 7. Qa4 Bd6 8. Nc3 0-0 9. Nxd7 Qxd7 10. Qxd7 Nxd7 11. cxd5 Nf6 12. e4 exd5 13. e5 Bxe5 14. dxe5 Ng4 15. 0-0 c6 16. f4 Nh6 17. f5 Ba6 18. Rf3 Ng4 19. Bf4 Rfe8 20. Re1 d4 21. Nb1 Rac8 22. h3 Ne3 23. Bxe3 Rxe5 24. Bf2 Rxe1+ 25. Bxe1 Re8 26. Bd2 Bc4 27. b3 Ba6 28. Bf1 Bb7 29. Rf2 c5 30. Re2 Rxe2 31. Bxe2 Be4 32. Na3 Bxf5 33. Bg4 Bd3 34. Nc4 Bb1 35. a3 Bc2 36. b4 Bd3 37. Ne5 Bb5 38. Bd7 Ba6 39. Kf2 Bb7 40. Bc6 Bc8 41. g4 f6 42. Nd7 c4 43. Ke2 Kf7 44. b5 Ke7 45. Bb4+ Ke6 46. Nf8+ Ke5 47. Kf3 f5 48. Nd7+ Ke6 49. gxf5+ Kxf5 50. Be4+ Kg5 51. Be7+ Kh5 52. Bf5 Bb7+ 53. Kf4 h6 54. Nf8 g5+ 55. Kg3 Be4 56. Bg4# 1-0

[Event "Guernsey Holiday op 44th"]
[Site "Vale"]
[Date "2018.10.27"]
[Round "7"]
[White "Colsen, Manuel"]
[Black "Shek, Daniel"]
[Result "1/2-1/2"]
[WhiteElo "1628"]
[BlackElo "1304"]
[PlyCount "91"]
[EventDate "2018.10.21"]
[EventType "swiss"]
[EventRounds "7"]
[EventCountry "GCI"]
[SourceTitle "EXT 2021"]
[Source "ChessBase"]
[SourceDate "2020.10.23"]
[SourceVersion "1"]
[SourceVersionDate "2020.10.23"]
[SourceQuality "1"]

1. Nf3 Nf6 2. g3 c6 3. Bg2 g6 4. 0-0 Bg7 5. d4 0-0 6. c4 d5 7. cxd5 Nxd5 8. e4 Nc7 9. Nc3 Bg4 10. Be3 Nd7 11. Qb3 Nb6 12. Rfd1 Be6 13. Qc2 Nc4 14. Bf4 f5 15. e5 Nd5 16. Nxd5 Bxd5 17. Ng5 Bxg2 18. Kxg2 Qd5+ 19. Kg1 Rad8 20. Rac1 Nb6 21. a4 h6 22. Nh3 a5 23. Rd3 c5 24. Qxc5 Qxc5 25. Rxc5 Nxa4 26. Rxa5 Nxb2 27. Rb3 Nc4 28. Ra7 Rxd4 29. Rbxb7 Re8 30. Rxe7 Rxe7 31. Rxe7 g5 32. Be3 Nxe3 33. fxe3 Re4 34. Kf2 Bxe5 35. Rb7 Rc4 36. Ng1 f4 37. gxf4 gxf4 38. Nf3 Rc2+ 39. Ke1 Bc3+ 40. Kd1 Rf2 41. Rb3 Rxf3 42. Rxc3 fxe3 43. Ke2 Rh3 44. Rxe3 Rxh2+ 45. Kf3 Kg7 46. Kg3 1/2-1/2

[Event "Guernsey Holiday op 44th"]
[Site "Vale"]
[Date "2018.10.23"]
[Round "3"]
[White "Shek, Daniel"]
[Black "Hall, Alan"]
[Result "0-1"]
[WhiteElo "1304"]
[BlackElo "1731"]
[PlyCount "102"]
[EventDate "2018.10.21"]
[EventType "swiss"]
[EventRounds "7"]
[EventCountry "GCI"]
[SourceTitle "EXT 2021"]
[Source "ChessBase"]
[SourceDate "2020.10.23"]
[SourceVersion "1"]
[SourceVersionDate "2020.10.23"]
[SourceQuality "1"]

1. d4 Nf6 2. c4 e5 3. dxe5 Ng4 4. Nf3 Nc6 5. Qd5 Bb4+ 6. Bd2 Qe7 7. e6 dxe6 8. Qe4 Nf6 9. Qc2 0-0 10. e3 Rd8 11. Be2 Bxd2+ 12. Nbxd2 Bd7 13. 0-0 Nb4 14. Qc3 c5 15. a3 Nc6 16. Rab1 e5 17. e4 Nd4 18. Nxd4 cxd4 19. Qd3 Bc6 20. b4 b6 21. Rfc1 Nd7 22. h3 Rac8 23. Rb2 g6 24. Bg4 Kg7 25. Qb3 h5 26. Be2 f5 27. exf5 Qg5 28. Bf3 Qxf5 29. Bxc6 Rxc6 30. c5 bxc5 31. bxc5 Rxc5 32. Rxc5 Nxc5 33. Qb5 Nd3 34. Rc2 Qxf2+ 35. Kh2 Qf4+ 36. Kg1 Qe3+ 37. Kh2 h4 38. Qb7+ Kh6 39. Qf3 Qxf3 40. Nxf3 e4 41. Rd2 exf3 42. Rxd3 f2 43. Rd1 d3 44. g3 d2 45. Kg2 hxg3 46. Kf1 Re8 47. Rxd2 Re1+ 48. Kg2 f1Q+ 49. Kxg3 Re3+ 50. Kg4 Qf3+ 51. Kh4 Re4# 0-1

[Event "NZL-ch U20 op"]
[Site "Palmerston North"]
[Date "2018.01.07"]
[Round "4"]
[White "Shek, Daniel"]
[Black "Yuan, Kimberley"]
[Result "1-0"]
[WhiteElo "1220"]
[BlackElo "1240"]
[PlyCount "90"]
[EventDate "2018.01.02"]
[EventType "swiss"]
[EventRounds "6"]
[EventCountry "NZL"]
[SourceTitle "EXT 2019"]
[Source "ChessBase"]
[SourceDate "2018.10.10"]
[SourceVersion "1"]
[SourceVersionDate "2018.10.10"]
[SourceQuality "1"]

1. d4 Nf6 2. c4 g6 3. Nc3 Bg7 4. e4 d6 5. f3 0-0 6. Be3 Nc6 7. Qd2 Re8 8. 0-0-0 e5 9. d5 Ne7 10. Bh6 Bh8 11. g4 Nd7 12. h4 Nc5 13. h5 Bd7 14. Qh2 Nc8 15. hxg6 fxg6 16. Be3 Qe7 17. Qh6 Qg7 18. Qh4 Qf7 19. Bg2 Nb6 20. b3 a5 21. Nh3 Qe7 22. Ng5 Bf6 23. Qxh7+ Qxh7 24. Nxh7 Kf7 25. Nxf6 Kxf6 26. Rh7 g5 27. Rdh1 Rg8 28. R7h6+ Kf7 29. Bxc5 dxc5 30. Rh7+ Rg7 31. Rxg7+ Kxg7 32. Rh5 Kg6 33. a4 Rf8 34. Rh3 Rf7 35. Nd1 Rh7 36. Rxh7 Kxh7 37. Nf2 Kg6 38. Nd3 Bc8 39. Nxe5+ Kf6 40. Nd3 Nd7 41. Kd2 b6 42. Ke3 Ne5 43. Nf2 Bb7 44. f4 gxf4+ 45. Kxf4 Ng6+ 1-0

[Event "NZL-ch U20 op"]
[Site "Palmerston North"]
[Date "2018.01.04"]
[Round "3"]
[White "Picken, Oliver"]
[Black "Shek, Daniel"]
[Result "1-0"]
[WhiteElo "1769"]
[BlackElo "1220"]
[PlyCount "65"]
[EventDate "2018.01.02"]
[EventType "swiss"]
[EventRounds "6"]
[EventCountry "NZL"]
[SourceTitle "EXT 2019"]
[Source "ChessBase"]
[SourceDate "2018.10.10"]
[SourceVersion "1"]
[SourceVersionDate "2018.10.10"]
[SourceQuality "1"]

1. d4 Nf6 2. Bf4 d6 3. Nc3 g6 4. e4 Bg7 5. Qd2 0-0 6. f3 Nbd7 7. 0-0-0 c5 8. dxc5 Nxc5 9. Bh6 Be6 10. Bxg7 Kxg7 11. h4 Qa5 12. a3 Bb3 13. Kb1 Be6 14. g4 Ncd7 15. Nge2 Ne5 16. Nd4 Rac8 17. h5 a6 18. hxg6 Rh8 19. Qh6+ Kg8 20. Nxe6 fxe6 21. g7 Nf7 22. gxh8Q+ Kxh8 23. Qe3 Nd7 24. Rd2 Nfe5 25. Rxh7+ Kxh7 26. Rh2+ Kg8 27. Qg5+ Kf7 28. Qh5+ Kf6 29. g5+ Kg7 30. Qh7+ Kf8 31. Qh8+ Kf7 32. Rh7+ Kg6 33. Qg7# 1-0

[Event "NZL-ch U20 op"]
[Site "Palmerston North"]
[Date "2018.01.02"]
[Round "1"]
[White "Calitz, Hananke"]
[Black "Shek, Daniel"]
[Result "1/2-1/2"]
[WhiteElo "1699"]
[BlackElo "1220"]
[PlyCount "92"]
[EventDate "2018.01.02"]
[EventType "swiss"]
[EventRounds "6"]
[EventCountry "NZL"]
[SourceTitle "EXT 2019"]
[Source "ChessBase"]
[SourceDate "2018.10.10"]
[SourceVersion "1"]
[SourceVersionDate "2018.10.10"]
[SourceQuality "1"]

1. d4 Nf6 2. Nf3 c6 3. e3 d6 4. h3 g6 5. Bd3 Bg7 6. Nbd2 0-0 7. c3 Nbd7 8. 0-0 Qc7 9. e4 c5 10. b3 cxd4 11. cxd4 b6 12. Bb2 Bb7 13. Rc1 Qd8 14. Qe2 Rc8 15. Rxc8 Qxc8 16. Rc1 Qb8 17. Nf1 Rc8 18. Re1 e5 19. d5 Nc5 20. N3d2 Nh5 21. g3 Nf6 22. Ne3 Nxd3 23. Qxd3 Rc7 24. Ndc4 Qd8 25. Ng2 Qd7 26. Kh2 Ba6 27. Qd2 Bxc4 28. bxc4 Rxc4 29. f3 Rc8 30. Rc1 Qb7 31. Rxc8+ Qxc8 32. Qc3 Qxc3 33. Bxc3 Nd7 34. Ne3 Nc5 35. Nc4 Bf8 36. Bb4 Kg7 37. Bxc5 bxc5 38. f4 f6 39. Kg2 Kf7 40. Kf3 Ke7 41. Ke3 Kd7 42. Kf3 Kc7 43. g4 Kb7 44. f5 g5 45. Kg3 Ka6 46. a4 h6 1/2-1/2